Direct tax (Record no. 9421)

MARC details
000 -LEADER
fixed length control field 00528cam a2200217ua 4500
001 - CONTROL NUMBER
control field 10444
005 - DATE AND TIME OF LATEST TRANSACTION
control field 20260515114625.0
008 - FIXED-LENGTH DATA ELEMENTS--GENERAL INFORMATION
fixed length control field 190221n ii |||gr||||Z||||||eng
020 ## - INTERNATIONAL STANDARD BOOK NUMBER
International Standard Book Number 9789327277364
040 ## - CATALOGING SOURCE
Transcribing agency MAIN
041 ## - LANGUAGE CODE
Language code of text/sound track or separate title eng
082 ## - DEWEY DECIMAL CLASSIFICATION NUMBER
Classification number 336.294
100 ## - MAIN ENTRY--PERSONAL NAME
Personal name VP Gaur,
Relator term Author.
245 ## - TITLE STATEMENT
Title Direct tax
Statement of responsibility, etc. assessment year 2017-18
250 ## - EDITION STATEMENT
Edition statement 3rd rev. ed.
260 ## - PUBLICATION, DISTRIBUTION, ETC.
Place of publication, distribution, etc. Ludhiana:
Name of publisher, distributor, etc. Kalyani,
Date of publication, distribution, etc. 2017.
653 ## - INDEX TERM--UNCONTROLLED
Uncontrolled term Public finance
700 ## - ADDED ENTRY--PERSONAL NAME
Personal name Puja Gaur,
Relator term Author.
700 ## - ADDED ENTRY--PERSONAL NAME
Personal name Rajeev Puri,
Relator term Author.
942 ## - ADDED ENTRY ELEMENTS (KOHA)
Koha item type Books
Holdings
Withdrawn status Lost status Damaged status Not for loan Home library Current library Shelving location Date acquired Total checkouts Full call number Barcode Date last seen Date last checked out Copy number Price effective from Koha item type
        Naharkatiya College Library Naharkatiya College Library General stacks 09/19/2020 8 336.294Tax | GAU 24133 12/09/2022 11/25/2022 1 09/19/2020 Books
        Naharkatiya College Library Naharkatiya College Library General stacks 09/19/2020 10 336.294Tax | GAU 24134 08/11/2021 04/12/2021 2 09/19/2020 Books
        Naharkatiya College Library Naharkatiya College Library General stacks 09/19/2020 11 336.294Tax | GAU 24135 08/11/2021 04/12/2021 3 09/19/2020 Books